| 000 | 00696cam a22002413a 4500 | ||
|---|---|---|---|
| 001 | 15543 | ||
| 003 | PGUSA | ||
| 005 | 20140828083331.0 | ||
| 008 | 050404s2005||||xxu|||||s|||||000 | eng d | ||
| 040 |
_aPGUSA _beng |
||
| 042 | _adc | ||
| 050 | 4 | _aB | |
| 100 | 1 |
_aBertrand, Joseph, _d1822-1900 |
|
| 245 | 1 | 0 |
_aD'Alembert _h[electronic resource] / _cJoseph Bertrand |
| 260 |
_bProject Gutenberg, _c2005 |
||
| 506 | _aPublic domain in the USA. | ||
| 516 | _aElectronic text | ||
| 653 | _aAlembert, Jean Le Rond d', 1717-1783 | ||
| 653 | _aAuthors, French -- 18th century -- Biography | ||
| 830 | 0 |
_aProject Gutenberg _v15543 |
|
| 856 | 4 | 0 | _uhttp://www.gutenberg.org/ebooks/15543 |
| 942 | _cEB | ||
| 999 |
_c244798 _d244798 |
||